000 00308nam a22001337a 4500
008 170320b xxu||||| |||| 00| 0 eng d
020 _a815181671
041 _aeng
080 _23RD
_a616.8
100 _a7
101 _aSHM
245 _aEXAMINATION OF THE NERVOUS SYSTEM
_cSTEEGMANN, A.TH
942 _2udc
_cBK
999 _c8052
_d8052